World cup biathlete (woman) - Statistiques

Statistiques générales
  • Ce quiz a été pris 28 fois
  • Le résultat moyen est 26 sur 70
Statistiques - réponses
Hint Réponse % Correct
SWE Elvira Oeberg
100%
SWE Hanna Oeberg
100%
FRA Julia Simon
100%
FRA Lou Jeanmonnot
100%
GER Franziska Preuss
96%
FRA Jeanne Richard
96%
FRA Justine Braisaz-Bouchet
96%
FRA Océane Michelon
96%
ITA Dorothea Wierer
92%
NOR Ingrid Landmark Tandrevold
88%
FIN Suvi Minkkinen
88%
AUT Lisa Theresa Hauser
79%
FRA Paula Botet
79%
SUI Lena Haecki-Gross
71%
NOR Randby Gro
71%
GER Selina Grotian
71%
NOR Karoline Offigstad Knotten
67%
BEL Lotte Lie
67%
NOR Maren Kirkeeide
63%
FRA Sophie Chauveau
63%
BUL Milena Todorova
58%
SUI Aita Gasparin
50%
FRA Camille Bened
50%
SUI Elisa Gasparin
50%
SLO Anamarija Lampic
46%
SWE Anna Magnusson
46%
SWE Ella Halvarsson
42%
FRA Gilonne Guigonnat
42%
NOR Ida Lien
42%
CZE Marketa Davidova
42%
GER Vanessa Voigt
38%
SUI Amy Baserga
29%
GER Julia Tannheimer
29%
AUT Anna Gandler
25%
ITA Michela Carrara
25%
CZE Tereza Vobornikova
25%
UKR Yuliia Dzhima
25%
BEL Maya Cloetens
21%
NOR Ragnhild Femsteinevik
21%
ITA Samuela Comola
21%
GER Sophia Schneider
21%
ITA Hannah Auchentaller
17%
SVK Paulina Batovska Fialkova
17%
CAN Emma Lunder
13%
SWE Sara Andersson
13%
SWE Johanna Skottheim
8%
NOR Juni Arnekleiv
8%
CZE Lucie Charvatova
8%
POL Natalia Sidorowicz
8%
AUT Anna Andexer
4%
NOR Anna-Karin Heijdenberg
4%
POL Anna Maka
4%
USA Deedra Irwin
4%
SLO Lena Repinc
4%
CZE Jessica Jislova
4%
POL Kamila Zuk
4%
NOR Karoline Erdal
4%
NOR Marthe Krakstad Johansen
4%
ITA Martina Trabucchi
4%
EST Regina Ermits
4%
EST Susan Kuelm
4%
AUT Tamara Steiner
4%
MDA Alina Stremous
0%
GER Anna Weidel
0%
UKR Dmytrenko Khrystyna
0%
POL Joanna Jakiela
0%
UKR Olena Horodna
0%
SLO Polona Klemencic
0%
FIN Sonja Leinamo
0%
FIN Venla Lehtonen
0%
Aucun quiz correspondant
Distribution des résultats
% des personnes avec chaque résultat
Percentile par nombre de réponses
Votre historique - résultats
Vous n’avez pas pris ce quiz